000 02343cam a22005294i 4500
003 PE-LiUPU
005 20250731165454.0
008 150623s1995 mau rb 000 0 eng d
020 _a156563053X
035 _a(Sirsi) i9781565630536
040 _aPE-LiUPU
_bspa
_cPE-LiUPU
_erda
049 _aPRUA
100 1 _aProvan, Lain William,
_eautor.
245 1 0 _a1 and 2 kings.
_n7 /
_cLain William Provan.
264 1 _aMassachusetts :
_bHendrickson Publishers,
_c1995.
300 _a305 páginas ;
_c22 centímetros.
336 _atext
_2rdacontent
337 _aunmediated
_2rdamedia
338 _avolume
_2rdacarrier
490 1 _aNew International Biblical Commentary ;
_v7
504 _aBibliografía al final de cada capítulo.
505 0 _a1, 2 Kings. Commentary -- Solomon becomes king -- David's charge to Solomon -- Solomon consolidates his position -- More on Solomon and wisdom -- A wise ruling -- Solomon's rule over Israel.
526 _aSEG44
526 _aSEG26
526 _aP151
526 _aP150
526 _aP149
526 _aP146
526 _aP145
526 _aP126
526 _aP125
526 _aP92
526 _aP75
526 _aP74
526 _aP27
526 _aP15
630 _aBiblia.
_pA.T.
_pReyes I, II
_xComentarios.
942 _2ddc
_cBOOK
949 _aRC 221.077 NI 7
_wDEWEY
_c1
_i47648
_lCCODEBUL1
_mBUL
_r0
_sY
_tBOOK
_u2015-6-24
_xTEOLOGIA
_zUNKNOWN
_0COMPRA
_o.CIRCNOTE. No olvidar cambiar la fecha de devolución!!!!!!!
_o.STAFF. Colección Teología
949 _aRC 221.077 NI 7
_wDEWEY
_c2
_i44682
_lCCODEBUL1
_mBUL
_r0
_sY
_tBOOK
_u2015-6-24
_xTEOLOGIA
_PP35
_0COMPRA
_o.CIRCNOTE. No olvidar cambiar la fecha de devolución!!!!!!!
_o.STAFF. Colección Teología
994 _aC0
_bPEPRU
596 _a1
999 _aRC 221.077 NI 7
_wDEWEY
_c21544
_i47648
_f2021-11-8
_g6
_lCCODEBUL1
_mBUL
_p30.00
_r1
_sY
_tBOOK
_u2015-6-24
_xTEOLOGIA
_PP35
_0COMPRA
_o.CIRCNOTE. No olvidar cambiar la fecha de devolución!!!!!!!
_o.STAFF. Colección Teología
_d21544
999 _aRC 221.077 NI 7
_wDEWEY
_c2
_i44682
_f2021-11-8
_g6
_lCCODEBUL1
_mBUL
_r1
_sY
_tBOOK
_u2015-6-24
_xTEOLOGIA
_PP35
_0COMPRA
_o.CIRCNOTE. No olvidar cambiar la fecha de devolución!!!!!!!
_o.STAFF. Colección General
980 _81
_gALBERTO SANCHEZ Responsable de Automatización